000 00844nam a2200241 a 4500
001 66366
003 BD-RjUL
005 20211209081532.0
008 761006r19471946paua b 001 0 eng c
035 _a(BD-RjUL)66496
040 _aU.S. Surg.-gen.off. Libr.
_cOAU
_dDLC
_dBD-RjUL
_beng
041 _aeng
082 _223
_a617
_bPER 1947
100 1 _aMason, Robert L.
_q(Robert Leonard),
_d1896-
_9196404
245 1 0 _aPreoperative and postoperative treatment /
_cedited by Lt. Col. Robert L. Mason and Harold A. Zintel.
250 _a2d ed.
260 _aPhiladelphia,
_aLondon :
_bW. B. Saunders company,
_c1946 [reprint 1947]
300 _axiv, 584 p.
_bill.
_c25 cm.
504 _aBibliographies and index
650 0 _aOperations, Surgical.
_9196405
700 1 _aZintel, Harold Albert,
_d1912- ,
_ejoint ed.
_9196406
942 _2ddc
_cBK
999 _c66366
_d66366